[Event "ch-FRA Blitz Online Qual"]
[Site "Europe-Chess INT"]
[Date "2020.05.16"]
[Round "3"]
[White "Fretel, Liza"]
[Black "Martin, Nils"]
[Result "1-0"]
[WhiteElo "1934"]
[BlackElo "1639"]
[WhiteFideId "26045460"]
[BlackFideId "45160473"]
[EventDate "2020.05.16"]

1. e4 e5 2. Nf3 Nc6 3. Bc4 Bc5 4. c3 Nf6 5. d3 d6 6. Nbd2 a6 7. Bb3 Ba7 8. O-O
h6 9. Nc4 g5 10. Ne3 g4 11. Ne1 h5 12. Kh1 Qe7 13. f3 gxf3 14. Qxf3 Bxe3 15.
Bxe3 Ng4 16. Qxf7+ Qxf7 17. Bxf7+ Ke7 18. Bg5+ Kd7 19. h3 Nh6 20. Bxh5 Ne7 21.
Nc2 b6 22. Rf6 Nhg8 23. Bg4+ Kc6 24. Rf8 Kb7 25. Bxc8+ Rxc8 26. Rxc8 Kxc8 27.
Rf1 Kd7 28. Ne3 Ke6 29. Rf8 Rh5 30. h4 Rh7 31. Nd5 Nxd5 32. exd5+ Kxd5 33. Rxg8
e4 34. dxe4+ Kxe4 35. Re8+ Kd3 36. Kh2 Kc2 37. Re2+ Kb1 38. b3 a5 39. Kg3 Rf7
40. Kg4 c5 41. h5 d5 42. h6 d4 43. cxd4 cxd4 44. Kh5 d3 45. Rd2 b5 46. Kg6 Rf8
47. h7 a4 48. bxa4 bxa4 49. Kg7 Ra8 50. h8=Q Rxh8 51. Kxh8 a3 52. Kg7 Ka1 53.
Kf6 Kb1 54. Ke5 Ka1 55. Kd4 Kb1 56. Kc3 Kc1 57. Kb3 Kb1 58. Rd1# 1-0

[Event "ch-FRA Blitz Online Qual"]
[Site "Europe-Chess INT"]
[Date "2020.05.16"]
[Round "3"]
[White "Lesage, Margot"]
[Black "Evrin, Selvam"]
[Result "0-1"]
[WhiteElo "1598"]
[BlackElo "1882"]
[WhiteFideId "45137013"]
[BlackFideId "36094404"]
[EventDate "2020.05.16"]

1. e4 c5 2. Nf3 d6 3. Bb5+ Nd7 4. Bxd7+ Bxd7 5. O-O Nf6 6. e5 dxe5 7. Nxe5 e6 8.
Re1 Bd6 9. d4 O-O 10. Nc3 Rc8 11. Bg5 cxd4 12. Qxd4 Bc5 13. Qd1 Bc6 14. Qxd8
Rfxd8 15. Bxf6 gxf6 16. Ng4 Kg7 17. Rad1 Bd4 18. Ne2 Bxb2 19. Nf4 f5 20. Ne3 Bc3
21. Rf1 Bb5 0-1

[Event "ch-FRA Blitz Online Qual"]
[Site "Europe-Chess INT"]
[Date "2020.05.16"]
[Round "3"]
[White "Bernard, Mathis"]
[Black "Bag, Ayoub"]
[Result "1-0"]
[WhiteElo "1880"]
[BlackElo "1467"]
[WhiteFideId "36075205"]
[BlackFideId "551012308"]
[EventDate "2020.05.16"]

1. e4 e6 2. d4 d5 3. Nc3 dxe4 4. Nxe4 Nd7 5. Nf3 Ngf6 6. Ng3 Be7 7. Be3 O-O 8.
Qd2 b6 9. O-O-O c5 10. c3 Bb7 11. Bd3 Rc8 12. Kb1 c4 13. Bc2 b5 14. h4 a5 15. h5
b4 16. h6 g6 17. Ng5 Nd5 18. f4 Ba6 19. Ka1 Rb8 20. N3e4 b3 21. Bb1 a4 22. a3
N7f6 23. Nxf6+ Nxf6 24. Ne4 Bb7 25. Nxf6+ Bxf6 26. Rhg1 Be7 27. g4 f5 28. gxf5
exf5 29. d5 Bd6 30. Qd4 Qe7 31. Rge1 Bxa3 32. d6 Qd7 33. bxa3 b2+ 34. Ka2 Rf7
35. Qxc4 Rc8 36. Qd4 Qb5 37. Bc2 Rb8 38. Bxa4 Bd5+ 39. Qxd5 Qxd5+ 40. Rxd5 Rfb7
41. Rb1 Kf7 42. Rd4 Ke6 43. Rb4 Kxd6 44. Rxb7 Rxb7 45. Rxb2 Re7 46. Rd2+ Kc7 47.
Bd4 Re4 48. Be5+ Kb7 49. Kb3 Kb6 50. Rd4 Re1 51. Kc4 Rh1 52. Rd6+ Kb7 53. Bc6+
Ka7 54. Bxh1 1-0

[Event "ch-FRA Blitz Online Qual"]
[Site "Europe-Chess INT"]
[Date "2020.05.16"]
[Round "3"]
[White "Moindjie, Nassuf"]
[Black "Percheron, Andre"]
[Result "1-0"]
[WhiteElo "1471"]
[BlackElo "1846"]
[WhiteFideId "551098237"]
[BlackFideId "20607091"]
[EventDate "2020.05.16"]

1. e4 c5 2. Nc3 Nc6 3. g3 g6 4. Bg2 Bg7 5. d3 d6 6. Be3 Nf6 7. Nge2 O-O 8. d4
cxd4 9. Nxd4 Bd7 10. O-O a6 11. h3 Rc8 12. Re1 b5 13. a3 Qc7 14. Nce2 Nxd4 15.
Nxd4 e5 16. Ne2 Qxc2 17. Qxd6 Qxb2 18. Qxa6 Rc2 19. Reb1 Rxe2 20. Rxb2 Rxb2 21.
Qd6 Rc8 22. Qxe5 Ng4 23. Qd6 Nxe3 24. Qxd7 Rbc2 25. Rb1 Nxg2 26. Kxg2 h6 27.
Rxb5 R8c7 28. Qd8+ Kh7 29. Rb8 h5 30. Qg8+ Kh6 31. Rb1 Re2 32. Rf1 Bd4 33. a4
Rcc2 34. Qxf7 Ra2 35. Qf3 Reb2 36. Qf4+ Kh7 37. e5 Rxa4 38. e6 Rb7 39. Qf3 Ra6
40. Qxb7+ Kh6 41. Qxa6 Bf6 42. Qb7 Be7 43. Qxe7 h4 44. Qf7 Kh5 45. g4+ Kg5 46.
Qe7+ Kf4 47. Qd7 Kg5 48. f4+ Kf6 49. g5+ Kf5 50. Qf7+ Ke4 51. Qxg6+ Kd5 52. e7
Kd4 53. e8=Q Kc3 54. Qgc6+ Kd2 55. Qd8+ Ke2 56. Re1+ Kxe1 57. Qe4# 1-0

[Event "ch-FRA Blitz Online Qual"]
[Site "Europe-Chess INT"]
[Date "2020.05.16"]
[Round "3"]
[White "Grulier, Ernest"]
[Black "Frey, Thierry"]
[Result "0-1"]
[WhiteElo "1469"]
[BlackElo "1792"]
[WhiteFideId "551048060"]
[BlackFideId "1317709"]
[EventDate "2020.05.16"]

1. e4 c5 2. Nf3 d6 3. d4 cxd4 4. Nxd4 Nf6 5. Nc3 a6 6. Bg5 e6 7. f4 Nbd7 8. Qf3
Qc7 9. O-O-O b5 10. a3 Bb7 11. Bd3 Rc8 12. g4 Nc5 13. Bxf6 gxf6 14. f5 e5 15.
Nde2 Bh6+ 16. Kb1 Nxd3 17. Qxd3 Ke7 18. Ka1 Rhd8 19. h3 Qc5 20. Rh2 Rd7 21. Ng3
Rcd8 22. Nd5+ Bxd5 23. Qxd5 Qxd5 24. Rxd5 Bf4 25. Rg2 Rc7 26. Ne2 Be3 27. Nc3
Bd4 28. Rg3 Rc5 0-1

[Event "ch-FRA Blitz Online Qual"]
[Site "Europe-Chess INT"]
[Date "2020.05.16"]
[Round "3"]
[White "Gerandi, Guillaume"]
[Black "Mendoza, Mael"]
[Result "0-1"]
[WhiteElo "1876"]
[BlackElo "1451"]
[WhiteFideId "20648359"]
[BlackFideId "551036533"]
[EventDate "2020.05.16"]

1. e4 e5 2. Nf3 Nc6 3. Nc3 Nf6 4. d4 exd4 5. Nxd4 d6 6. Nxc6 bxc6 7. Bd3 Be7 8.
O-O O-O 9. f4 a5 10. Qe2 d5 11. e5 Nd7 12. Qh5 h6 13. Qf5 Nf6 14. e6 Bxe6 15.
Qe5 Bc5+ 16. Kh1 Ng4 17. Qe2 Qh4 18. h3 Nf2+ 19. Rxf2 Qxf2 20. f5 Qg1# 0-1

[Event "ch-FRA Blitz Online Qual"]
[Site "Europe-Chess INT"]
[Date "2020.05.16"]
[Round "3"]
[White "Morais, Thomas"]
[Black "Ludwiczak, Virginie"]
[Result "1-0"]
[WhiteElo "1710"]
[BlackElo "1875"]
[WhiteFideId "36034703"]
[BlackFideId "20655592"]
[EventDate "2020.05.16"]

1. e4 e6 2. d3 d5 3. Nd2 Nf6 4. Ngf3 Nbd7 5. g3 b6 6. Bg2 Bb7 7. e5 Ng8 8. O-O
c5 9. Re1 Ne7 10. Qe2 Nc6 11. Nf1 Be7 12. Bf4 Qc7 13. Rac1 h6 14. h4 O-O-O 15.
c3 Rdg8 16. a3 g5 17. hxg5 hxg5 18. Bd2 Ba6 19. b4 Kb8 20. Rb1 Nd8 21. c4 Bb7
22. a4 cxb4 23. Bxb4 Nc5 24. Bxc5 Bxc5 25. d4 g4 26. dxc5 gxf3 27. Bxf3 Qxc5 28.
cxd5 Bxd5 29. Bxd5 Qxd5 30. Qe4 Qxe4 31. Rxe4 Nc6 32. Rc1 Kb7 33. Ne3 Rh5 34.
Nc4 Rgh8 35. Nd6+ Kc7 36. Kg2 R8h7 37. Rec4 Rxe5 38. Rxc6+ Kd7 39. Nb5 Rhh5 40.
Rc7+ Ke8 41. Rxa7 Rc5 42. Nd6+ Kd8 43. Nb7+ Ke8 44. Nxc5 bxc5 45. Rc7 c4 46.
R7xc4 Ke7 47. Rc5 Rh8 48. Rc7+ Kf6 49. a5 Ra8 50. Ra1 Ra6 51. Rb7 Ke5 52. Rb6
Ra8 53. a6 f5 54. a7 Kd5 55. Rb8 1-0

[Event "ch-FRA Blitz Online Qual"]
[Site "Europe-Chess INT"]
[Date "2020.05.16"]
[Round "3"]
[White "Pigeat, Benoit"]
[Black "Sureau, Corentin"]
[Result "1-0"]
[WhiteElo "1873"]
[BlackElo "1686"]
[WhiteFideId "20643390"]
[BlackFideId "36067687"]
[EventDate "2020.05.16"]

1. e4 c5 2. Nf3 Nc6 3. d4 cxd4 4. Nxd4 e5 5. Nb3 Nf6 6. f3 d5 7. exd5 Nxd5 8. c4
Bb4+ 9. Bd2 Nf6 10. Nc3 O-O 11. Be2 Nd4 12. O-O Bf5 13. Rc1 Re8 14. Be3 Nxe2+
15. Nxe2 Qc7 16. Nc3 a5 17. Nb5 Qc6 18. a3 Rad8 19. Qe2 Bd3 20. Qf2 Bxf1 21.
Qxf1 Bf8 22. Nxa5 Qa6 23. b4 b6 24. Nc6 Rd7 25. Qf2 Rc8 26. Nxe5 Re7 27. f4 Ne4
28. Qf3 f5 29. g4 g6 30. gxf5 gxf5 31. Kh1 Rg7 32. Nd4 Re8 33. Nxf5 Ng5 34. fxg5
Rxe5 35. Nxg7 Bxg7 36. Bd4 Re7 37. Qd5+ Kh8 38. Qd8+ Re8 39. Qxe8# 1-0

[Event "ch-FRA Blitz Online Qual"]
[Site "Europe-Chess INT"]
[Date "2020.05.16"]
[Round "3"]
[White "Barrera, Armando"]
[Black "Auder, Benjamin"]
[Result "0-1"]
[WhiteElo "1486"]
[BlackElo "1934"]
[WhiteFideId "551036657"]
[BlackFideId "635065"]
[EventDate "2020.05.16"]

1. d4 Nc6 2. d5 Ne5 3. e4 e6 4. c4 Bc5 5. Nf3 Nxf3+ 6. Qxf3 d6 7. Nc3 a6 8. Bd3
Qf6 9. Qe2 e5 10. O-O Ne7 11. a3 Ng6 12. b4 Bd4 13. Bb2 Nf4 14. Qf3 Qh4 15. Rab1
Bg4 16. Qg3 Qxg3 17. hxg3 Nxd3 18. Ba1 b6 19. Kh2 Nxf2 20. Rbe1 Nd3 21. Rb1 a5
22. Nb5 Rc8 23. Bxd4 exd4 24. Nxd4 Ne5 25. bxa5 bxa5 26. Rb7 Bd7 27. Nb5 Bxb5
28. cxb5 O-O 29. Ra7 a4 30. Rxa4 Ra8 31. Rb4 Rxa3 32. b6 cxb6 33. Rxb6 Rd8 34.
Rc1 Re3 35. Rxd6 Re8 36. Rc2 Rxe4 37. Rc7 Ng4+ 38. Kh3 Nf2+ 39. Kh2 R4e7 40.
Rdd7 Rxd7 41. Rxd7 g6 42. d6 Ne4 43. Re7 Rxe7 44. dxe7 Nd6 45. Kh3 f6 46. Kg4
Kf7 47. Kf4 Kxe7 48. g4 Ke6 49. g3 g5+ 50. Kf3 Ke5 51. Kg2 Ke4 0-1

[Event "ch-FRA Blitz Online Qual"]
[Site "Europe-Chess INT"]
[Date "2020.05.16"]
[Round "3"]
[White "Drieu, Hugo"]
[Black "Dimey, Cyrille"]
[Result "0-1"]
[WhiteElo "1425"]
[BlackElo "1871"]
[WhiteFideId "45170738"]
[BlackFideId "20658273"]
[EventDate "2020.05.16"]

1. e4 e6 2. d3 d5 3. Nd2 Nf6 4. Ngf3 Bc5 5. g3 dxe4 6. dxe4 Ng4 7. Bg2 Nxf2 8.
Qe2 Nxh1 9. Bxh1 Nc6 10. Nb3 Bb6 11. Be3 Bxe3 12. Qxe3 O-O 13. Rd1 Qf6 14. e5
Qg6 15. Nbd4 Nxd4 16. Nxd4 c6 17. Be4 Qh5 18. Rd2 f5 19. exf6 Rxf6 20. Bxc6 bxc6
21. Nxc6 Bb7 22. Ne7+ Kh8 23. Rd4 Raf8 24. Rh4 Rf1+ 25. Kd2 Qd1+ 26. Kc3 R8f3
27. Ng6+ Kg8 28. Ne7+ Kf8 29. Rf4+ Kxe7 30. Rxf3 Rxf3 0-1

[Event "ch-FRA Blitz Online Qual"]
[Site "Europe-Chess INT"]
[Date "2020.05.16"]
[Round "3"]
[White "Afraoui, Solenn"]
[Black "Kollar, Guillaume"]
[Result "1-0"]
[WhiteElo "1889"]
[BlackElo "1439"]
[WhiteFideId "625167"]
[BlackFideId "36001732"]
[EventDate "2020.05.16"]

1. e4 c5 2. Nf3 d6 3. d4 cxd4 4. Qxd4 Nc6 5. Bb5 Bd7 6. Bxc6 Bxc6 7. Nc3 Nf6 8.
Bg5 g6 9. Bxf6 exf6 10. O-O-O Be7 11. Kb1 O-O 12. h4 a5 13. h5 a4 14. hxg6 fxg6
15. Nd5 Bxd5 16. Qxd5+ Kg7 17. Nd4 Qb6 18. Ne6+ Kh8 19. Rxh7+ Kxh7 20. Rh1+ Kg8
21. Ng5+ Kg7 22. Rh7# 1-0

[Event "ch-FRA Blitz Online Qual"]
[Site "Europe-Chess INT"]
[Date "2020.05.16"]
[Round "3"]
[White "Ernst, Luca"]
[Black "Naillou, Thomas"]
[Result "1-0"]
[WhiteElo "1660"]
[BlackElo "2072"]
[WhiteFideId "45117055"]
[BlackFideId "36009741"]
[EventDate "2020.05.16"]

1. e4 c5 2. Nf3 Nc6 3. d4 cxd4 4. Nxd4 g6 5. Nc3 Bg7 6. Be3 d6 7. Qd2 Nf6 8. f3
O-O 9. Nb3 a6 10. Bh6 Be6 11. O-O-O b5 12. h4 Rc8 13. h5 Nxh5 14. Rxh5 gxh5 15.
Qg5 1-0

[Event "ch-FRA Blitz Online Qual"]
[Site "Europe-Chess INT"]
[Date "2020.05.16"]
[Round "3"]
[White "Louvrier Saint-Mary, Jean-Roger"]
[Black "Ghazaryan, Gor"]
[Result "1-0"]
[WhiteElo "1780"]
[BlackElo "1431"]
[WhiteFideId "618349"]
[BlackFideId "45137595"]
[EventDate "2020.05.16"]

1. b3 Nf6 2. Bb2 e6 3. e3 b6 4. f4 Bb7 5. Nf3 c5 6. d3 Nc6 7. h3 d5 8. Nc3 Bd6
9. Ne2 Qe7 10. g4 h6 11. Ne5 Nd7 12. Nxd7 Qxd7 13. Bxg7 Rg8 14. Bxh6 Ne7 15. Bg5
d4 16. e4 Ng6 17. h4 Qc7 18. Qd2 f6 19. Bxf6 Nxf4 20. O-O-O Nxe2+ 21. Qxe2 Bf4+
22. Kb2 a5 23. Bg2 a4 24. Rhf1 a3+ 25. Kb1 e5 26. g5 b5 27. Bh3 Qa5 28. Qh5+ Kf8
29. Qh7 Re8 30. Qf5 Qc3 31. Be7+ Kg7 32. Qf6+ Kh7 33. Qh6# 1-0

[Event "ch-FRA Blitz Online Qual"]
[Site "Europe-Chess INT"]
[Date "2020.05.16"]
[Round "3"]
[White "Martinez Martinez, Mateo"]
[Black "Roussel, Matthieu"]
[Result "0-1"]
[WhiteElo "1917"]
[BlackElo "1577"]
[WhiteFideId "36055140"]
[BlackFideId "36070009"]
[EventDate "2020.05.16"]

1. d4 d5 2. c4 dxc4 3. Nf3 Nf6 4. e3 Bg4 5. Bxc4 e6 6. O-O Be7 7. h3 Bh5 8. Nc3
Nbd7 9. Be2 O-O 10. e4 c6 11. Rb1 Bb4 12. Qc2 Qb6 13. a3 Be7 14. Be3 Qc7 15. b4
Bg6 16. Bd3 e5 17. dxe5 Nxe5 18. Nxe5 Qxe5 19. f4 Qc7 20. f5 Bh5 21. g4 Bxg4 22.
hxg4 Nxg4 23. Bf4 Qb6+ 24. Kg2 Bd6 25. Na4 Qc7 26. Qc1 Rad8 27. Be2 Nf6 28. Bxd6
Qxd6 29. Bf3 Rfe8 30. Re1 Qe5 31. Qc3 Qc7 32. Nc5 Re5 33. Nd3 Ree8 34. Rbc1 Qb6
35. Nc5 Qc7 36. e5 Nd5 37. Bxd5 Rxd5 38. e6 fxe6 39. fxe6 Rg5+ 40. Kh3 Qf4 41.
Re4 Rh5+ 42. Kg2 Rh2+ 43. Kg1 Qf2# 0-1

[Event "ch-FRA Blitz Online Qual"]
[Site "Europe-Chess INT"]
[Date "2020.05.16"]
[Round "3"]
[White "Inventar, Alexandre"]
[Black "Lebrun, Elias"]
[Result "0-1"]
[WhiteElo "1437"]
[BlackElo "1880"]
[WhiteFideId "36054100"]
[BlackFideId "26073110"]
[EventDate "2020.05.16"]

1. e4 c5 2. b4 cxb4 3. a3 b3 4. cxb3 e6 5. d4 d5 6. e5 Ne7 7. Nc3 Nbc6 8. Nf3 a6
9. Bg5 h6 10. Bh4 Qb6 11. Na4 Qa7 12. Nc5 Nf5 13. b4 b6 14. Nb3 Bd7 15. Rc1 Rc8
16. Be2 Nxh4 17. Nxh4 Be7 18. Nf3 O-O 19. O-O a5 20. b5 Nd8 21. a4 f5 22. Re1
Nf7 23. h3 Bb4 24. Nfd2 Rxc1 25. Qxc1 Rc8 26. Qb2 Bc3 27. Qb1 Ng5 28. Rc1 Qb8
29. Rc2 Bxd2 30. Nxd2 Rxc2 31. Qxc2 Qc8 32. Qxc8+ Bxc8 33. Kh2 Ne4 34. Nxe4 dxe4
35. Kg3 Kf7 36. Kf4 g5+ 37. Ke3 Bb7 38. Bh5+ Ke7 39. f4 Bd5 40. Bd1 Bc4 41. g3
Kf7 42. h4 Kg6 43. Kd2 Bf1 44. Ke3 Bh3 45. Kd2 Bg2 46. Ke3 Bh1 47. Kd2 gxh4 48.
gxh4 Bf3 49. Ke3 Bxd1 50. Kd2 Bxa4 51. Kc3 Bxb5 0-1

[Event "ch-FRA Blitz Online Qual"]
[Site "Europe-Chess INT"]
[Date "2020.05.16"]
[Round "3"]
[White "Stajkovski, Stefan"]
[Black "Vallee, Louis"]
[Result "0-1"]
[WhiteElo "1428"]
[BlackElo "1864"]
[WhiteFideId "551053250"]
[BlackFideId "45103291"]
[EventDate "2020.05.16"]

1. d4 d5 2. Bf4 c5 3. e3 Nf6 4. c3 Nc6 5. Nd2 Qb6 6. Qb3 c4 7. Qc2 Bg4 8. Ngf3
e6 9. Be2 Be7 10. h3 Bf5 11. Qc1 Qd8 12. b3 b5 13. O-O O-O 14. a4 a6 15. Ne5
Nxe5 16. Bxe5 Qd7 17. Qb2 Ne4 18. Nxe4 Bxe4 19. b4 bxa4 20. Bd1 Bd3 21. Re1 a5
22. Bxa4 Qb7 23. b5 f6 24. Bg3 Qb6 25. Rec1 Bg6 26. Bc2 Bxc2 27. Rxc2 a4 28. Rb1
a3 29. Qa2 Qa5 30. b6 e5 31. dxe5 f5 32. b7 Rab8 33. e6 Qa6 34. Bxb8 Rxb8 35.
Rd1 Qxe6 36. Rcd2 Rxb7 37. Rxd5 Rb2 38. Qa1 f4 39. exf4 Qe2 40. Rf1 Bf6 41. Qxa3
Rb3 42. Qa8+ Kf7 43. Rd7+ Kg6 44. f5+ Kxf5 45. Qd5+ Kg6 46. Qf7+ Kh6 47. Rd5
Rxc3 48. Rh5+ Qxh5 49. Qe6 Qe5 50. Qg4 Rc2 51. Qf3 Re2 52. Qc6 Re1 53. Qxc4
Rxf1+ 54. Qxf1 Qc3 55. Qe2 Kg6 56. g3 Kf7 57. Kg2 h6 58. Qa6 Kg8 59. Qa8+ Kh7
60. Qe4+ Kg8 61. Qe8+ Kh7 62. Qe4+ g6 63. Qe6 Bg7 64. Qf7 Qf6 65. Qd5 Qe5 66.
Qf3 Qf5 67. Qe3 h5 68. h4 Qg4 69. Qe7 Qf5 70. Qe3 Bf6 71. Qa7+ Kh6 72. Qe3+ Kg7
73. Qa7+ Kf8 74. Qa8+ Kf7 75. Qb7+ Be7 76. Qb3+ Qe6 77. Qf3+ Qf5 78. Qb3+ Kg7
79. Qc3+ Bf6 80. Qc7+ Kh6 81. Qb8 Qe4+ 82. Kh2 Qf3 83. Qb6 Be5 84. Kg1 Bxg3 85.
fxg3 Qxg3+ 86. Kf1 Qxh4 87. Qe3+ Qg5 88. Qe8 Qf5+ 89. Kg1 h4 90. Qh8+ Kg5 91.
Qd8+ Kh5 92. Qh8+ Kg4 93. Qd4+ Qf4 94. Qd7+ Kf3 95. Qd5+ Qe4 96. Qf7+ Kg3 97.
Qc7+ Kh3 98. Qd7+ Qg4+ 99. Kh1 Qxd7 0-1

[Event "ch-FRA Blitz Online Qual"]
[Site "Europe-Chess INT"]
[Date "2020.05.16"]
[Round "3"]
[White "Dijoux, Julien"]
[Black "Giblin, Martin"]
[Result "1-0"]
[WhiteElo "1862"]
[BlackElo "1428"]
[WhiteFideId "666483"]
[BlackFideId "45187053"]
[EventDate "2020.05.16"]

1. d4 f5 2. e4 fxe4 3. Nc3 Nf6 4. Bg5 e6 5. Bxf6 Qxf6 6. Nxe4 Qh6 7. Nf3 Be7 8.
Qd2 Qxd2+ 9. Nexd2 c5 10. Bd3 cxd4 11. Nxd4 a6 12. O-O-O Nc6 13. N4f3 O-O 14. a3
b5 15. c3 Bb7 16. Rhe1 Na5 17. b4 Nc4 18. Bxc4 bxc4 19. Kb2 Rac8 20. Re3 Bf6 21.
Ne4 Bxe4 22. Rxe4 Rc7 23. Rd2 h6 24. Kc2 Re8 25. Rde2 Kf7 26. Ne5+ Bxe5 27. Rxe5
d6 28. Ra5 Rc6 29. Re3 d5 30. Rf3+ Kg6 31. a4 Rd6 32. Rf4 Kg5 33. g3 g6 34. h4+
Kh5 35. Rxc4 1-0

[Event "ch-FRA Blitz Online Qual"]
[Site "Europe-Chess INT"]
[Date "2020.05.16"]
[Round "3"]
[White "Azymah, Remy"]
[Black "Eric Andriana, Fitia"]
[Result "1-0"]
[WhiteElo "1934"]
[BlackElo "1401"]
[WhiteFideId "26014300"]
[BlackFideId "36094366"]
[EventDate "2020.05.16"]

1. e4 e5 2. f4 d6 3. Nf3 Nc6 4. Nc3 b6 5. Bc4 h6 6. f5 Bb7 7. a3 Nge7 8. d3 Qd7
9. Be3 Ng8 10. Qd2 Nf6 11. h3 O-O-O 12. O-O g5 13. fxg6 fxg6 14. Nxe5 Nxe5 15.
Rxf6 Be7 16. Rf2 Rdg8 17. Bd5 Bxd5 18. Nxd5 g5 19. Raf1 g4 20. hxg4 Nxg4 21. Rf7
Nxe3 22. Qxe3 Bg5 23. Qf2 Qe8 24. Rxc7+ Kb8 25. Qf7 Qd8 26. Rb7+ Ka8 27. Rxa7+
Kb8 28. Qb7# 1-0

[Event "ch-FRA Blitz Online Qual"]
[Site "Europe-Chess INT"]
[Date "2020.05.16"]
[Round "3"]
[White "Ragneau, Freddy"]
[Black "Daunay, Gabriel"]
[Result "1-0"]
[WhiteElo "1859"]
[BlackElo "1701"]
[WhiteFideId "36001228"]
[BlackFideId "45103321"]
[EventDate "2020.05.16"]

1. e4 c6 2. d4 d5 3. Nc3 dxe4 4. Nxe4 Nf6 5. Ng3 h5 6. h4 e5 7. Be3 exd4 8. Bxd4
Be7 9. Be2 Bg4 10. Bxf6 Qxd1+ 11. Rxd1 Bxf6 12. c3 Bxe2 13. N1xe2 Nd7 14. Nf4 g6
15. Ne4 Be5 16. Nd3 Bc7 17. Ndc5 O-O-O 18. O-O Rhe8 19. Nxd7 Rxd7 20. Rxd7 Kxd7
21. Nf6+ Ke7 22. Nxe8 Kxe8 23. Re1+ Kd7 24. g3 Bd6 25. f4 f5 26. Kg2 Bc5 27.
Rd1+ Ke7 28. Kf3 a5 29. a3 b5 30. b4 axb4 31. cxb4 Bb6 32. Rd2 c5 33. Rc2 cxb4
34. axb4 Bc7 35. Ke2 Bd6 36. Rb2 Ke6 37. Kd3 Kd5 38. Rb1 Be7 39. Re1 Bxb4 40.
Re5+ Kc6 41. Re6+ Kd5 42. Rxg6 Bc5 43. Rg5 Ke6 44. Rxh5 Bf2 45. Rh6+ Kf7 46. h5
Bxg3 47. Ke3 Bh2 48. Kf3 Bg1 49. Rg6 Bd4 50. Rg2 b4 51. h6 b3 52. Rd2 1-0

[Event "ch-FRA Blitz Online Qual"]
[Site "Europe-Chess INT"]
[Date "2020.05.16"]
[Round "3"]
[White "Dore, Armand"]
[Black "Benlatreche, Farid"]
[Result "1-0"]
[WhiteElo "1855"]
[BlackElo "1416"]
[WhiteFideId "680508"]
[BlackFideId "551081474"]
[EventDate "2020.05.16"]

1. Nf3 d6 2. d4 Nd7 3. c4 e5 4. dxe5 dxe5 5. Nc3 Ngf6 6. e4 Be7 7. Be2 h6 8. O-O
c6 9. Qc2 Qc7 10. h3 g5 11. Nh2 Nc5 12. Be3 Bd7 13. Rfd1 O-O-O 14. b4 Ne6 15. b5
Kb8 16. Rdb1 Bc5 17. Bxc5 Nxc5 18. bxc6 Bxc6 19. Nd5 Nxd5 20. cxd5 Bd7 21. Rc1
b6 22. a4 Na6 23. Bxa6 Qd6 24. Bb5 Bc8 25. Qc6 Qb4 26. Qc7+ Ka8 27. Bc6+ 1-0

[Event "ch-FRA Blitz Online Qual"]
[Site "Europe-Chess INT"]
[Date "2020.05.16"]
[Round "3"]
[White "Vanneste, Axel"]
[Black "Joly, Fabrice"]
[Result "0-1"]
[WhiteElo "1413"]
[BlackElo "1957"]
[WhiteFideId "36020192"]
[BlackFideId "612235"]
[EventDate "2020.05.16"]

1. e4 c5 2. Nc3 e6 3. Nf3 Nc6 4. d4 cxd4 5. Nxd4 a6 6. Be3 Qc7 7. Qd2 Nf6 8. f3
Bb4 9. Be2 O-O 10. a3 Ba5 11. b4 Bb6 12. Nxc6 bxc6 13. O-O d5 14. e5 Nd7 15. f4
Bb7 16. Na4 Bxe3+ 17. Qxe3 a5 18. Nc5 axb4 19. axb4 Nxc5 20. Qxc5 Rfc8 21. Bd3
Qd7 22. c3 g6 23. Kh1 h5 24. Qb6 Qc7 25. Qc5 Qd8 26. Bc2 Ba6 27. Rf2 Bb5 28.
Rxa8 Rxa8 29. g3 Qb8 30. Kg2 Qa7 31. Qxa7 Rxa7 32. Bb3 Ra3 33. Rb2 Kf8 34. Kf2
Ke8 35. Ke3 Kd7 36. Kd4 Kc7 37. Kc5 Ra1 38. Kd4 Kb6 39. Bc2 Rh1 40. Bd3 Ra1 41.
c4 dxc4 42. Bxc4 Rd1+ 43. Kc3 Rc1+ 44. Rc2 Rxc2+ 45. Kxc2 Bxc4 0-1

[Event "ch-FRA Blitz Online Qual"]
[Site "Europe-Chess INT"]
[Date "2020.05.16"]
[Round "3"]
[White "Quartararo, Pierre"]
[Black "Mareau, Timothe"]
[Result "0-1"]
[WhiteElo "1909"]
[BlackElo "1642"]
[WhiteFideId "614491"]
[BlackFideId "45148864"]
[EventDate "2020.05.16"]

1. d4 e6 2. c4 b6 3. Nf3 Bb7 4. g3 Bb4+ 5. Bd2 Bxd2+ 6. Qxd2 f5 7. Bg2 Nf6 8.
O-O O-O 9. Nc3 Qe7 10. d5 e5 11. Rfd1 d6 12. b4 h6 13. Rac1 Nbd7 14. Nb5 Nb8 15.
Qc2 Bc8 16. c5 Ba6 17. cxd6 cxd6 18. Nc7 Bb7 19. Nxa8 Bxa8 20. Qc7 Nbd7 21. Qxa7
g5 22. Rc7 f4 23. Ne1 h5 24. gxf4 gxf4 25. Bh3 Rd8 26. Be6+ Kh8 27. Kh1 Qxe6 28.
f3 Bxd5 29. Nd3 Ra8 30. Rc8+ Rxc8 31. Qa4 Qg4 32. Rg1 Bxf3+ 33. exf3 Qxf3+ 34.
Rg2 Qxd3 35. Qb3 Rc1+ 36. Rg1 Qe4+ 0-1

[Event "ch-FRA Blitz Online Qual"]
[Site "Europe-Chess INT"]
[Date "2020.05.16"]
[Round "3"]
[White "Zachary, Bastian"]
[Black "Lebrun, Leo"]
[Result "1-0"]
[WhiteElo "1923"]
[BlackElo "1441"]
[WhiteFideId "36019402"]
[BlackFideId "26097435"]
[EventDate "2020.05.16"]

1. d4 Nf6 2. Bf4 g6 3. e3 Bg7 4. Bd3 d6 5. Nf3 O-O 6. O-O Nc6 7. c3 Bg4 8. Nbd2
Re8 9. Qc2 e5 10. Bg5 h6 11. Bxf6 Qxf6 12. h3 Bxf3 13. Nxf3 d5 14. Bb5 e4 15.
Ne5 Re6 16. Nd7 Qe7 17. Nc5 Rd6 18. Nxb7 Nd8 19. Nxd6 Qxd6 20. Be2 Rb8 21. b3 c5
22. dxc5 Qxc5 23. Rac1 Ne6 24. c4 d4 25. Qxe4 dxe3 26. Qxe3 Bd4 27. Qg3 Be5 28.
Qe3 1-0

[Event "ch-FRA Blitz Online Qual"]
[Site "Europe-Chess INT"]
[Date "2020.05.16"]
[Round "3"]
[White "Bellahcene, Sofia"]
[Black "Moeller, Joshua"]
[Result "1-0"]
[WhiteElo "1948"]
[BlackElo "1469"]
[WhiteFideId "26075954"]
[BlackFideId "45167834"]
[EventDate "2020.05.16"]

1. e4 e6 2. d4 d5 3. Nc3 Nf6 4. Bg5 dxe4 5. Nxe4 Be7 6. Nxf6+ Bxf6 7. Bxf6 Qxf6
8. c3 O-O 9. Nf3 b6 10. Be2 Bb7 11. Qc2 c5 12. O-O Nc6 13. dxc5 bxc5 14. Qb3
Rab8 15. Qa3 Ne5 16. Nxe5 Qxe5 17. Rae1 Qg5 18. f3 Bc6 19. Kh1 Rb7 20. b3 Rd8
21. Qa6 Rc7 22. Qc4 Rd2 23. a3 Bd5 24. Qa4 Kf8 25. Qa5 Rb7 26. c4 Bc6 27. Rf2
Qe3 28. Kg1 Qxb3 29. Kf1 Qb6 30. Qxd2 Qb2 31. Qxb2 Rxb2 32. Bd3 Rb3 33. Be4 Rxa3
34. Bxc6 Ra6 35. Bb5 1-0